Las teorías de los campos de fuerza. Desde Faraday hasta Einstein
Saved in:
| Hovedforfatter: | |
|---|---|
| Format: | Bog |
| Sprog: | spansk |
| Udgivet: |
Madrid
Alianza
1981
|
| Serier: | Alianza Universidad
|
| Fag: | |
| Tags: |
Tilføj Tag
Ingen Tags, Vær først til at tagge denne postø!
|
MARC
| LEADER | 00000nam a2200000 a 4500 | ||
|---|---|---|---|
| 001 | UCT1440 | ||
| 003 | CL-VaPUC | ||
| 005 | 20241119115619.0 | ||
| 008 | 960927e19810000SP |||||||||||||||||spa|d | ||
| 999 | |c 251965 |d 251963 | ||
| 040 | |c Pontificia Universidad Católica de Valparaíso | ||
| 082 | 0 | 4 | |a 530.14 |b BER |2 21 |
| 100 | 0 | |a Berkson, William |e author |9 370336 | |
| 245 | 1 | 4 | |a Las teorías de los campos de fuerza. Desde Faraday hasta Einstein |
| 260 | |a Madrid |b Alianza |c 1981 | ||
| 300 | |a 400 p | ||
| 490 | 0 | |a Alianza Universidad | |
| 583 | |a last modification |c 20171031 11:00:30 |k Rodrigo Vera | ||
| 600 | 0 | 7 | |a FARADAY, MICHAEL |2 CL-VaPUC |9 369697 |
| 600 | 0 | 7 | |a Lorentz, Hendrik Antoon, |d 1853-1928 |9 861034 |
| 600 | 0 | |a Einstein, Albert |e autor |9 266229 | |
| 650 | 7 | |a CAMPOS ELECTROMAGNETICOS |2 CL-VaPUC |9 264139 | |
| 650 | 0 | |a Física |9 227844 | |
| 650 | 0 | |a Teoría de campos |9 316480 | |
| 650 | 7 | |a RADIACION ELECTROMAGNETICA |2 CL-VaPUC |9 345469 | |
| 942 | |c BK |2 ddc | ||
| 945 | |d 19960927 00:00:00 |a paguirre | ||